[Event "Moscu ch"]
[Site "Moscu RUS"]
[Date "2007.04.23"]
[Round "6.2"]
[White "Vorobiov, Evgeny E"]
[Black "Belov, Vladimir"]
[Result "1/2-1/2"]
[WhiteElo "2258"]
[BlackElo "2586"]
[PlyCount "85"]
[EventDate "2007.04.18"]
[EventType "tourn"]
[EventRounds "7"]
[EventCountry "RUS"]
[Source "lmi"]
[SourceDate "2007.04.18"]

1. d4 Nf6 2. c4 g6 3. Nc3 Bg7 4. e4 d6 5. Nf3 O-O 6. Be2 Bg4 7. Be3 Nfd7 8. d5
Bxc3+ 9. bxc3 e5 10. dxe6 fxe6 11. e5 Nxe5 12. Nxe5 Bxe2 13. Qxe2 dxe5 14. h4
Nc6 15. h5 Qf6 16. hxg6 Qxg6 17. Rh4 Kh8 18. O-O-O Rad8 19. Rdh1 Rf7 20. g4 Qd3
21. Qxd3 Rxd3 22. g5 Ne7 23. Rh6 Kg8 24. Kc2 Rd8 25. Rxe6 Ng6 26. a4 Rf5 27.
Rb1 Kf7 28. Rxg6 Kxg6 29. Rxb7 Rc8 30. Rxa7 Rxg5 31. Bxg5 Kxg5 32. Kd3 h5 33.
Ke4 h4 34. Kf3 Rf8+ 35. Kg2 h3+ 36. Kxh3 Rxf2 37. Rxc7 Rf3+ 38. Kg2 Rxc3 39. a5
Ra3 40. Rf7 Rxa5 41. Kf3 Rc5 42. Ke4 Rxc4+ 43. Kxe5 1/2-1/2

[Event "Moscu ch"]
[Site "Moscu RUS"]
[Date "2007.04.23"]
[Round "6.3"]
[White "Novikov, Stanislav"]
[Black "Grachev, Boris"]
[Result "1/2-1/2"]
[WhiteElo "2556"]
[BlackElo "2578"]
[PlyCount "116"]
[EventDate "2007.04.18"]
[EventType "tourn"]
[EventRounds "7"]
[EventCountry "RUS"]
[Source "lmi"]
[SourceDate "2007.04.18"]

1. g3 d5 2. Bg2 Nf6 3. d3 b6 4. Nd2 Bb7 5. Ngf3 e6 6. O-O Be7 7. Re1 c5 8. c3
Nc6 9. e4 Qc7 10. Qe2 a5 11. a4 Ba6 12. e5 Nd7 13. h4 h6 14. h5 O-O 15. Nf1 f5
16. exf6 Rxf6 17. N3h2 Nde5 18. Bf4 Bd6 19. Rad1 c4 20. d4 Nd3 21. Bxd6 Qxd6
22. Ng4 Raf8 23. Nxf6+ Rxf6 24. Rxd3 cxd3 25. Qe3 Ne7 26. Bh3 Nf5 27. Qe5 Qxe5
28. Rxe5 Kf7 29. Bxf5 Rxf5 30. f4 Rxe5 31. dxe5 g6 32. hxg6+ Kxg6 33. Kf2 h5
34. b3 b5 35. axb5 Bxb5 36. Kf3 Ba6 37. Ke3 Kf5 38. Kf3 d4 39. cxd4 Bb7+ 40.
Ke3 Kg4 41. Kf2 Kf5 42. d5 exd5 43. Ke3 Bc8 44. Nh2 d2 45. Kxd2 Ke4 46. Ke2 d4
47. Nf1 Bg4+ 48. Kf2 Kd3 49. Nh2 Bc8 50. Nf3 Kc3 51. Ng5 d3 52. Ke3 Bf5 53. Nf3
Bg4 54. Nd2 Kc2 55. Nc4 Be6 56. Nd2 Bf5 57. Nf3 Kc3 58. Nd2 Kc2 1/2-1/2

[Event "Moscu ch"]
[Site "Moscu RUS"]
[Date "2007.04.23"]
[Round "6.4"]
[White "Korotylev, Alexey"]
[Black "Gavrilov, Alexei"]
[Result "1-0"]
[WhiteElo "2620"]
[BlackElo "2479"]
[PlyCount "95"]
[EventDate "2007.04.18"]
[EventType "tourn"]
[EventRounds "7"]
[EventCountry "RUS"]
[Source "lmi"]
[SourceDate "2007.04.18"]

1. d4 Nf6 2. c4 e6 3. Nf3 b6 4. g3 Bb7 5. Bg2 Be7 6. O-O O-O 7. Nc3 Na6 8. Bf4
Ne4 9. Rc1 d6 10. Nxe4 Bxe4 11. Qa4 Qc8 12. b4 c5 13. dxc5 dxc5 14. b5 Nc7 15.
Rfd1 Bf6 16. Qb3 a6 17. a4 axb5 18. axb5 Rd8 19. Qe3 Bb7 20. Be5 Ne8 21. Bxf6
Nxf6 22. Ne5 Bxg2 23. Kxg2 h6 24. Nc6 Rd7 25. Qf3 Kf8 26. Ne5 Rxd1 27. Rxd1 Ke8
28. Rd6 Rb8 29. Nc6 Qc7 30. Qf4 Rc8 31. h4 Nd7 32. h5 Qb7 33. Qd2 Ra8 34. e4
Qc7 35. e5 Rc8 36. Qd3 Nf8 37. Qf3 Nd7 38. Qe4 Nf8 39. Qg4 g5 40. hxg6 Nxg6 41.
Qh5 Nf8 42. Qxh6 Ra8 43. Qg7 Rc8 44. Qf6 Ra8 45. Rd1 Ng6 46. Rh1 Ra4 47. Rh7
Nf8 48. Rxf7 1-0

[Event "Moscu ch"]
[Site "Moscu RUS"]
[Date "2007.04.24"]
[Round "7.1"]
[White "Gavrilov, Alexei"]
[Black "Rychagov, Andrey"]
[Result "1/2-1/2"]
[WhiteElo "2479"]
[BlackElo "2571"]
[PlyCount "29"]
[EventDate "2007.04.18"]
[EventType "tourn"]
[EventRounds "7"]
[EventCountry "RUS"]
[EventCategory "12"]
[Source "lmi"]
[SourceDate "2007.04.18"]

1. e4 e5 2. Nf3 Nc6 3. Bb5 a6 4. Ba4 Nf6 5. O-O b5 6. Bb3 Be7 7. Re1 O-O 8. c3
d6 9. h3 Bb7 10. d4 Re8 11. Ng5 Rf8 12. Nf3 Re8 13. Ng5 Rf8 14. Nf3 Re8 15. Ng5
1/2-1/2

[Event "Moscu ch"]
[Site "Moscu RUS"]
[Date "2007.04.24"]
[Round "7.2"]
[White "Grachev, Boris"]
[Black "Korotylev, Alexey"]
[Result "1-0"]
[WhiteElo "2578"]
[BlackElo "2620"]
[PlyCount "107"]
[EventDate "2007.04.18"]
[EventType "tourn"]
[EventRounds "7"]
[EventCountry "RUS"]
[EventCategory "12"]
[Source "lmi"]
[SourceDate "2007.04.18"]

1. d4 d5 2. c4 c6 3. Nf3 Nf6 4. e3 a6 5. b3 Bg4 6. Be2 e6 7. O-O Nbd7 8. h3 Bh5
9. Bb2 Bd6 10. Nbd2 O-O 11. Ne5 Bxe2 12. Qxe2 Qc7 13. Nxd7 Qxd7 14. e4 Nxe4 15.
Nxe4 dxe4 16. Qxe4 Rad8 17. Rad1 Be7 18. Rd3 Bf6 19. Rfd1 Qe7 20. g3 Rd7 21.
Kg2 Rfd8 22. h4 h6 23. Bc3 Rc8 24. Qe1 b6 25. h5 Rcd8 26. Qe3 Qd6 27. d5 exd5
28. Bxf6 Qxf6 29. Qxb6 d4 30. Qxa6 Re8 31. R1d2 Re1 32. Qa5 Re5 33. Qb6 Rxh5
34. Rxd4 Rxd4 35. Qxd4 Qe6 36. Qd8+ Kh7 37. Qd3+ Kg8 38. Qf3 Qh3+ 39. Kg1 Qh2+
40. Kf1 Qh3+ 41. Qg2 Qf5 42. Re2 Qb1+ 43. Re1 Qxa2 44. Qf3 Rg5 45. Re8+ Kh7 46.
Qxf7 Qxb3 47. Qg8+ Kg6 48. Re6+ Kh5 49. Qe8+ g6 50. Qxc6 Qd3+ 51. Kg1 Qd1+ 52.
Kg2 Rf5 53. Qe4 g5 54. c5 1-0

[Event "Moscu ch"]
[Site "Moscu RUS"]
[Date "2007.04.24"]
[Round "7.3"]
[White "Belov, Vladimir"]
[Black "Novikov, Stanislav"]
[Result "1-0"]
[WhiteElo "2586"]
[BlackElo "2556"]
[PlyCount "75"]
[EventDate "2007.04.18"]
[EventType "tourn"]
[EventRounds "7"]
[EventCountry "RUS"]
[EventCategory "12"]
[Source "lmi"]
[SourceDate "2007.04.18"]

1. d4 g6 2. Nf3 Bg7 3. c4 d6 4. e4 Bg4 5. Be2 Nc6 6. Be3 e5 7. d5 Bxf3 8. Bxf3
Nd4 9. Nd2 c6 10. dxc6 bxc6 11. Bxd4 exd4 12. b4 Ne7 13. O-O O-O 14. Nb3 Qb6
15. a3 Rfd8 16. Qd3 Rab8 17. Rfc1 g5 18. Bh5 Ng6 19. Bxg6 hxg6 20. Qd2 Qa6 21.
Na5 Re8 22. Re1 Re5 23. a4 Rbe8 24. b5 cxb5 25. cxb5 Qc8 26. Nc6 Rxe4 27. Rxe4
Rxe4 28. a5 Bf6 29. g3 d3 30. Qxd3 Qf5 31. Rf1 d5 32. Nxa7 Bd4 33. Nc6 Bc5 34.
b6 Qd7 35. Qb5 Bd6 36. Qxd5 Re6 37. a6 Kh7 38. a7 1-0

[Event "Moscu ch"]
[Site "Moscu RUS"]
[Date "2007.04.24"]
[Round "7.4"]
[White "Amonatov, Farrukh"]
[Black "Vorobiov, Evgeny E"]
[Result "1/2-1/2"]
[WhiteElo "2574"]
[BlackElo "2258"]
[PlyCount "101"]
[EventDate "2007.04.18"]
[EventType "tourn"]
[EventRounds "7"]
[EventCountry "RUS"]
[EventCategory "12"]
[Source "lmi"]
[SourceDate "2007.04.18"]

1. e4 c5 2. Nf3 d6 3. d4 cxd4 4. Nxd4 Nf6 5. Nc3 a6 6. Be3 e6 7. g4 e5 8. Nf5
g6 9. Bg2 gxf5 10. exf5 h5 11. h3 hxg4 12. hxg4 Rxh1+ 13. Bxh1 d5 14. Bxd5 Nc6
15. g5 Bxf5 16. gxf6 Qxf6 17. Qe2 Bb4 18. O-O-O Bxc3 19. bxc3 O-O-O 20. Qc4 Be6
21. Bxe6+ Qxe6 22. Qxe6+ fxe6 23. Rh1 Ne7 24. c4 Nf5 25. Bb6 Rg8 26. Rd1 Nd4
27. Kb2 Kd7 28. a4 Kc6 29. a5 Rf8 30. c3 Nf5 31. Kb3 Nd6 32. Rh1 Rf4 33. Rh7
Rxc4 34. Rc7+ Kb5 35. Re7 Ne4 36. Rxe6 Nc5+ 37. Bxc5 Rxc5 38. Rf6 Kxa5 39. f4
exf4 40. Rxf4 Kb6 41. Rf6+ Rc6 42. Rf5 Re6 43. Rh5 Kc6 44. Rg5 b6 45. Rh5 a5
46. Rg5 Re4 47. Rh5 Rg4 48. Rf5 a4+ 49. Ka3 b5 50. Rf8 Rc4 51. Kb2 1/2-1/2